000 00888nam a22002297a 4500
999 _c955
_d955
003 AR-CdUCM
008 190226b ||||| |||| 00| 0 spa d
020 _a8450093880
040 _aMUNICIPALIDAD PROVINCIAL DEL CUSCO
_cBIBLIOTECA MUNICIPAL DEL CUSCO
082 _a352.946 /
_bR52
100 _aRibes uig, Francisco
_93706
245 _aEn torno a las gratificaciones y la contratación de personas en administración local /
260 _aGranada :
_bGráficas del Sur ,
_c1986.
300 _a116 páginas ;
_c20 cm.
440 _aTemas de administración local
_n14
_93707
505 _aLas gratificaciones del personal de administración local -- La contratación de personas en la administración local.
650 _aContratación personal.
_93708
650 _aAdministración Local
_93709
650 _aGratificaciones.
_93710
942 _2ddc
_cLIBROS
945 _awfj
_d2019-02-26